| 000 | 01035nam a2200229Ia 4500 | ||
|---|---|---|---|
| 999 |
_c34719 _d34719 |
||
| 001 | 506 | ||
| 003 | GE_BSU | ||
| 005 | 20220914105404.0 | ||
| 008 | 181216s2008||||ge |||||||||||||| ||geo|| | ||
| 020 | _a9789941004384 | ||
| 040 | _cGE_BSU | ||
| 041 | _ageo | ||
| 080 | _a37.01(072) ქ-88 | ||
| 100 |
_aქურდაძე, ირმა _914579 |
||
| 245 |
_aპედაგოგიური კვლევის მეთოდოლოგია და მეთოდები : _b[მონოგრაფია] / _cირმა ქურდაძე ; [რედ. თამაზ კარანაძე]. |
||
| 264 |
_aთბილისი : _bუნივერსალი, _c2008. |
||
| 300 |
_a144 გვ.; _b20 სმ. |
||
| 504 | _aბიბლიოგრ.: გვ. 138-143. | ||
| 653 | _aპედაგოგიკა - სამეცნიერო-კვლევითი მუშაობა | ||
| 700 |
_aკარანაძე, თამაზ _eრედაქტორი _914580 |
||
| 942 |
_cBK _2udc |
||